000 00581ntaaa2200217 4500
003 01
005 20251027202918.0
008 0714s1973 ag 01
040 _aAR-BaBN
_bspa
_cAR-BaBN
_eaacr
_dRIC
082 _a922.0000 M45
100 _aMazzuchelli, Juan B
_929564
245 _aRamón Blanco
250 _a1 ed.
260 _aBuenos Aires :
_bAurora,
_c1942
300 _a87 p
650 _aBlanco, Ramón-biografía
_929565
650 _abiografía-Blanco, Ramón
_929566
650 _aMetodistas-Río de la Plata
650 _aescuelas evangélicas
_929567
942 _cBK
999 _c24343
_d24343